Forces affecting American education 1953 yearbook (Record no. 21187)

MARC details
000 -LEADER
fixed length control field 00440nam a2200145Ia 4500
005 - DATE AND TIME OF LATEST TRANSACTION
control field 20240821151408.0
008 - FIXED-LENGTH DATA ELEMENTS--GENERAL INFORMATION
fixed length control field 240821s9999||||xx |||||||||||||| ||und||
082 ## - DEWEY DECIMAL CLASSIFICATION NUMBER
Classification number 370.1 ASS
100 ## - MAIN ENTRY--PERSONAL NAME
Personal name National Education Association, Association for Supervision
245 #0 - TITLE STATEMENT
Title Forces affecting American education 1953 yearbook
260 ## - PUBLICATION, DISTRIBUTION, ETC.
Place of publication, distribution, etc. Washington
Name of publisher, distributor, etc. National Education Association
Date of publication, distribution, etc. 1953
300 ## - PHYSICAL DESCRIPTION
Extent xv,208p
650 ## - SUBJECT ADDED ENTRY--TOPICAL TERM
Topical term or geographic name entry element Education
942 ## - ADDED ENTRY ELEMENTS (KOHA)
Koha item type Book

No items available.